000 00896nam a2200313 a 4500
003 AR-BaBNM
005 20251128204856.0
008 082120s2002 ||||||||||||||000 | spa||
020 _a950-25-01330
040 _cAR-BaBNM
100 1 _aLattuada, Mario J.
245 0 0 _aLa política agraria peronista
_b[1943-1983]. 2
260 _aBuenos Aires
_bCentro Editor de América Latina
_c1986
300 _a289 p.
_btablas
490 0 _aBiblioteca política argentina
_vv. 134
600 0 4 _aPerón
_d1946-1951
600 0 4 _aPerón
_d1952-1955
600 0 4 _aCampora, Héctor J.
_d1973
600 0 4 _aPerón
_d1973-1974
600 0 4 _aMartínez de Perón
_d1974-1976
650 4 _aHISTORIA ARGENTINA
650 4 _aPOLITICA
650 4 _aPOLITICA AGRARIA
650 4 _aHISTORIA AGROPECUARIA
651 4 _aArgentina
800 1 _aTroncoso, Oscar
_edirector
942 _cBK
998 _cEnrique
999 _c9148
_d9148